<?xml version="1.0" encoding="UTF-8"?>
<record
    xmlns:xsi="http://www.w3.org/2001/XMLSchema-instance"
    xsi:schemaLocation="http://www.loc.gov/MARC21/slim http://www.loc.gov/standards/marcxml/schema/MARC21slim.xsd"
    xmlns="http://www.loc.gov/MARC21/slim">

  <leader>01661cam a2200313 a 4500</leader>
  <controlfield tag="001">49061</controlfield>
  <controlfield tag="003">OSt</controlfield>
  <controlfield tag="005">20210126165308.0</controlfield>
  <controlfield tag="008">020912s2001    ck      r     00001dspa d</controlfield>
  <datafield tag="015" ind1=" " ind2=" ">
    <subfield code="a">ck-2001-xxxx</subfield>
  </datafield>
  <datafield tag="020" ind1=" " ind2=" ">
    <subfield code="a">9789583600753</subfield>
  </datafield>
  <datafield tag="035" ind1=" " ind2=" ">
    <subfield code="a">AHM3655 LA</subfield>
  </datafield>
  <datafield tag="040" ind1=" " ind2=" ">
    <subfield code="a">la </subfield>
    <subfield code="c">la</subfield>
  </datafield>
  <datafield tag="041" ind1="0" ind2=" ">
    <subfield code="a">spa</subfield>
  </datafield>
  <datafield tag="043" ind1=" " ind2=" ">
    <subfield code="a">s-ck---</subfield>
  </datafield>
  <datafield tag="082" ind1="0" ind2="4">
    <subfield code="a">AC</subfield>
    <subfield code="b">CEPE</subfield>
  </datafield>
  <datafield tag="100" ind1="1" ind2=" ">
    <subfield code="a">Cepeda Samudio, Alvaro, </subfield>
    <subfield code="d">1926-1972.</subfield>
  </datafield>
  <datafield tag="245" ind1="1" ind2="0">
    <subfield code="a">Antolog&#xED;a / </subfield>
    <subfield code="c">Alvaro Cepeda Samudio ; selecci&#xF3;n y pr&#xF3;logo de Daniel Samper Pizano.</subfield>
  </datafield>
  <datafield tag="260" ind1=" " ind2=" ">
    <subfield code="a">Bogot&#xE1; : </subfield>
    <subfield code="b">El Ancora Editores, </subfield>
    <subfield code="c">2001.</subfield>
  </datafield>
  <datafield tag="300" ind1=" " ind2=" ">
    <subfield code="a">219 p ; </subfield>
    <subfield code="c">23 cm.</subfield>
  </datafield>
  <datafield tag="500" ind1=" " ind2=" ">
    <subfield code="a">Pocos son los conocedores de Cepeda -de su obra o de su vida- que no hayan pensado alguna vez en que el suyo fue un talento un poco desperdiciado, al menos diseminado, de todos modos mal invertido. Ellos lo imaginan sentado largas tardes en un estudio frente a su m&#xE1;quina de escribir, sin tomarse un trago, sin flirtear con una gringa, sin fumarse un tabaco, sin pelear con nadie ni dar gritos, y suponen que, de haber sostenido una disciplina de trabajo similar, habr&#xED;a producido las m&#xE1;s grandes obras de la literatura contempor&#xE1;nea en Colombia. La suposici&#xF3;n es demasiado te&#xF3;rica para que valga la pena tenerla en cuenta. Porque la verdad es que Cepeda produc&#xED;a, no a pesar del maremoto vital que bull&#xED;a en su talento, sino tal vez gracias a &#xE9;l.</subfield>
  </datafield>
  <datafield tag="600" ind1="1" ind2="6">
    <subfield code="a">Cepeda Samudio, Alvaro, </subfield>
    <subfield code="d">1926-1972</subfield>
    <subfield code="v"> Colecciones de escritos.</subfield>
  </datafield>
  <datafield tag="650" ind1=" " ind2=" ">
    <subfield code="a">Literatura colombiana.</subfield>
  </datafield>
  <datafield tag="650" ind1=" " ind2=" ">
    <subfield code="a">Reportajes colombianos.</subfield>
  </datafield>
  <datafield tag="650" ind1=" " ind2="6">
    <subfield code="a">Cuentos colombianos.</subfield>
  </datafield>
  <datafield tag="700" ind1="1" ind2=" ">
    <subfield code="a">Samper Pizano, Daniel, </subfield>
    <subfield code="d">1945-</subfield>
  </datafield>
  <datafield tag="942" ind1=" " ind2=" ">
    <subfield code="2">ddc</subfield>
    <subfield code="c">BKLIT</subfield>
  </datafield>
  <datafield tag="949" ind1=" " ind2=" ">
    <subfield code="a">c    </subfield>
    <subfield code="b">c</subfield>
  </datafield>
  <datafield tag="999" ind1=" " ind2=" ">
    <subfield code="c">12848</subfield>
    <subfield code="d">12848</subfield>
  </datafield>
  <datafield tag="952" ind1=" " ind2=" ">
    <subfield code="0">0</subfield>
    <subfield code="1">0</subfield>
    <subfield code="2">ddc</subfield>
    <subfield code="4">0</subfield>
    <subfield code="7">0</subfield>
    <subfield code="8">LA</subfield>
    <subfield code="a">BPMOS</subfield>
    <subfield code="b">BPMOS</subfield>
    <subfield code="d">2021-01-26</subfield>
    <subfield code="e">Compra</subfield>
    <subfield code="i">nt</subfield>
    <subfield code="l">1</subfield>
    <subfield code="m">1</subfield>
    <subfield code="o">AC CEPE</subfield>
    <subfield code="p">MOS500533</subfield>
    <subfield code="r">2023-09-01</subfield>
    <subfield code="s">2023-08-11</subfield>
    <subfield code="t">ej 1</subfield>
    <subfield code="w">2021-01-26</subfield>
    <subfield code="y">BKLIT</subfield>
    <subfield code="z">Quince dias</subfield>
  </datafield>
  <datafield tag="952" ind1=" " ind2=" ">
    <subfield code="0">0</subfield>
    <subfield code="1">0</subfield>
    <subfield code="2">ddc</subfield>
    <subfield code="4">0</subfield>
    <subfield code="7">0</subfield>
    <subfield code="8">LA</subfield>
    <subfield code="a">BPMOS</subfield>
    <subfield code="b">BPMOS</subfield>
    <subfield code="d">2021-01-26</subfield>
    <subfield code="e">Compra</subfield>
    <subfield code="i">nt</subfield>
    <subfield code="l">3</subfield>
    <subfield code="o">AC CEPE</subfield>
    <subfield code="p">MOS500534</subfield>
    <subfield code="r">2021-05-03</subfield>
    <subfield code="s">2021-04-24</subfield>
    <subfield code="t">ej 2</subfield>
    <subfield code="w">2021-01-26</subfield>
    <subfield code="y">BKLIT</subfield>
    <subfield code="z">Quince dias</subfield>
  </datafield>
</record>
